[Event "Michigan Amateur"]
[Site "Kalamazoo, MI"]
[Date "2002.10.20"]
[Round "5.14"]
[White "Raban, David"]
[Black "Smith, Chris"]
[Result "1-0"]
[WhiteElo "1608"]
[BlackElo "1019"]
[PlyCount "97"]
[EventDate "2002.10.19"]

1. d4 Nc6 2. Nf3 d6 3. e4 Bg4 4. Bb5 Bd7 5. O-O a6 6. Bc4 e5 7. Nc3 Bg4 8. d5
Nd4 9. Be3 Nxf3+ 10. gxf3 Bh5 11. Be2 g6 12. f4 exf4 13. Bxf4 Bxe2 14. Qxe2 Bg7
15. Rfe1 Ne7 16. Qd2 Be5 17. Ne2 Bxb2 18. Rab1 Be5 19. Rxb7 Bxf4 20. Nxf4 O-O
21. Qc3 Qd7 22. Rxc7 Qg4+ 23. Qg3 Qxg3+ 24. hxg3 Rfe8 25. Rb1 Nc8 26. Rbb7 Ra7
27. Rxa7 Nxa7 28. Rxa7 Rxe4 29. Rxa6 Rc4 30. Rc6 Ra4 31. Rxd6 Kf8 32. Rd7 Ke8
33. Rc7 Kd8 34. d6 Rd4 35. Rxf7 Rxd6 36. Rxh7 Ra6 37. c4 Rxa2 38. c5 Rc2 39.
Kg2 Kc8 40. Ne6 Re2 41. Re7 g5 42. c6 Kb8 43. c7+ Kc8 44. Re8+ Kb7 45. c8=Q+
Kb6 46. Qc5+ Kb7 47. Re7+ Kb8 48. Qa7+ Kc8 49. Qb7# 1-0

[Event "Michigan Amateur"]
[Site "Kalamazoo, MI"]
[Date "2002.10.20"]
[Round "4.12"]
[White "Post, Robert"]
[Black "Thach, Scott"]
[Result "0-1"]
[WhiteElo "1516"]
[BlackElo "1204"]
[PlyCount "144"]
[EventDate "2002.10.19"]

1. Nf3 Nf6 2. d4 e6 3. g3 d5 4. Bg2 Nc6 5. O-O h6 6. c4 dxc4 7. Qa4 Bd7 8. Qxc4
Bd6 9. Nc3 O-O 10. b3 a6 11. Bb2 Nb4 12. a4 Qe8 13. Ne5 c6 14. a5 Nbd5 15. Nxd7
Qxd7 16. e3 Nxc3 17. Qxc3 Nd5 18. Qd2 Bb4 19. Qe2 Rfe8 20. Qg4 Qc7 21. e4 Nf6
22. Qf3 Bxa5 23. Rfc1 Bb4 24. d5 e5 25. dxc6 bxc6 26. Rc4 Bd6 27. Rac1 c5 28.
Qc3 Qb6 29. Ba3 Nd7 30. Bh3 Nf6 31. Qe3 Rab8 32. Bxc5 Bxc5 33. Rxc5 Qxb3 34.
R5c3 Qb7 35. f3 Qb4 36. Rc4 Qa5 37. Rc6 Red8 38. Bf5 Qb5 39. Rxf6 Rd4 40. Rfc6
Rd1+ 41. Rxd1 Qxc6 42. Rc1 Qb5 43. Qd2 Ra8 44. Bd7 Qb6+ 45. Kf1 Rd8 46. Rc8
Rxc8 47. Bxc8 Qc6 48. Bd7 Qc4+ 49. Ke1 Qc5 50. Bh3 a5 51. Kd1 Qb6 52. Bd7 Kf8
53. Kc1 Ke7 54. Ba4 Qc5+ 55. Qc2 Qe3+ 56. Qd2 Qa3+ 57. Qb2 Qxa4 58. Qxe5+ Kf8
59. Qd6+ Kg8 60. Qd8+ Kh7 61. Qd3 g6 62. f4 Qa2 63. Qc2 Qa1+ 64. Kd2 a4 65. f5
a3 66. fxg6+ Kxg6 67. e5+ Kg7 68. e6 a2 69. e7 Qd4+ 70. Qd3 Qb4+ 71. Ke2 Qxe7+
72. Kd2 a1=Q 0-1

[Event "Michigan Amateur"]
[Site "Kalamazoo, MI"]
[Date "2002.10.20"]
[Round "4.20"]
[White "Pillai, Ashwin"]
[Black "Semerciyan, Sebuh"]
[Result "0-1"]
[WhiteElo "902"]
[BlackElo "1273"]
[PlyCount "118"]
[EventDate "2002.10.19"]

1. d4 d5 2. c4 c6 3. e3 e6 4. Nf3 Nf6 5. Nc3 Bb4 6. Bd2 O-O 7. Bd3 Nbd7 8. O-O
h6 9. a3 Be7 10. c5 b6 11. Na4 bxc5 12. Qe1 c4 13. Ba5 Qe8 14. Be2 c5 15. Ne5
cxd4 16. exd4 Nxe5 17. dxe5 Nh7 18. Bh5 Qxa4 19. Bd1 Qe8 20. Bc2 Ba6 21. Qd1 c3
22. Re1 cxb2 23. Ra2 Qb5 24. Bb4 Bxb4 25. axb4 Bb7 26. Bb1 Qxb4 27. Rf1 Rfc8
28. Qd3 Nf8 29. Qe3 a5 30. Qe1 Rc3 31. Qd2 Rc4 32. Rxb2 Qxd2 33. Rxd2 Nd7 34.
Rb2 Bc6 35. Bd3 Rc3 36. Be2 Nxe5 37. Re1 Nd3 38. Bxd3 Rxd3 39. Rc2 Bb5 40. Rb2
Bc4 41. h3 a4 42. Ree2 Rd1+ 43. Kh2 Bxe2 44. Rxe2 a3 45. Ra2 Rb1 46. Rc2 a2 47.
Rxa2 Rxa2 48. h4 Rxf2 49. Kg3 Ra2 50. Kh2 f5 51. Kg3 Raa1 52. Kf4 g5+ 53. hxg5
hxg5+ 54. Kxg5 Kg7 55. Kf4 Kf6 56. g4 Ra4+ 57. Kg3 Rb3+ 58. Kh4 Rxg4+ 59. Kh5
Rh3# 0-1

[Event "Michigan Amateur"]
[Site "Kalamazoo, MI"]
[Date "2002.10.20"]
[Round "5.18"]
[White "Neely, Richard"]
[Black "Wohlgamuth, Nathan"]
[Result "1-0"]
[WhiteElo "1400"]
[BlackElo "742"]
[PlyCount "73"]
[EventDate "2002.10.19"]

1. d4 d5 2. e4 dxe4 3. Nc3 Nf6 4. f3 exf3 5. Qxf3 Qxd4 6. Be3 Qb4 7. O-O-O c6
8. a3 Qg4 9. Qf2 Ne4 10. Nxe4 Qxe4 11. Nf3 Bg4 12. Bd3 Qd5 13. Ba6 Qa2 14. Bxb7
Qa1+ 15. Kd2 Qxb2 16. Bxa8 Qxa3 17. Ra1 Qb4+ 18. Kc1 a5 19. Ne5 Be6 20. Rd1 Qc3
21. Bd4 Qb4 22. Bc5 Qc3 23. Bd4 Qb4 24. Nxc6 Qb5 25. Rxa5 Qc4 26. Nxb8 g6 27.
Bxh8 Bh6+ 28. Rd2 Bxd2+ 29. Qxd2 Qf1+ 30. Kb2 f6 31. Bc6+ Kf7 32. Qh6 Bc4 33.
Qg7+ Ke6 34. Qg8+ Kd6 35. Qd8+ Ke6 36. Bd7+ Kd6 37. Bc8# 1-0

[Event "Michigan Amateur"]
[Site "Kalamazoo, MI"]
[Date "2002.10.20"]
[Round "5.2"]
[White "Moroney, Timothy"]
[Black "Armstead, Curt"]
[Result "1/2-1/2"]
[WhiteElo "1639"]
[BlackElo "1866"]
[PlyCount "88"]
[EventDate "2002.10.19"]

1. e4 c5 2. Nf3 e6 3. d4 cxd4 4. Nxd4 a6 5. Nc3 Qc7 6. a3 Nf6 7. Be3 Be7 8. f4
d6 9. Be2 b5 10. Bf3 Bb7 11. O-O Nbd7 12. Kh1 Rc8 13. Qe1 Nc5 14. Qg3 Ncxe4 15.
Nxe4 Bxe4 16. Bxe4 Nxe4 17. Qxg7 Bf6 18. Qh6 Rg8 19. c3 Rg6 20. Qh3 Bxd4 21.
Bxd4 f5 22. Qe3 Ke7 23. Rae1 Rcg8 24. Re2 Qd8 25. Qh3 h6 26. Qh4+ Kd7 27. Qxd8+
Kxd8 28. Ra1 Kc7 29. a4 Rb8 30. axb5 axb5 31. Ra7+ Rb7 32. Rxb7+ Kxb7 33. Kg1
Kc6 34. b3 Kd5 35. Rc2 e5 36. Be3 Nc5 37. Rd2+ Kc6 38. Bxc5 Kxc5 39. fxe5 dxe5
40. Rd8 Rd6 41. Rxd6 Kxd6 42. Kf2 Kd5 43. Ke3 h5 44. g3 Kc5 1/2-1/2

[Event "Michigan Amateur"]
[Site "Kalamazoo, MI"]
[Date "2002.10.20"]
[Round "4.11"]
[White "Moore, Robert"]
[Black "Whatling, David"]
[Result "0-1"]
[WhiteElo "1609"]
[BlackElo "1341"]
[PlyCount "62"]
[EventDate "2002.10.19"]

1. e4 c5 2. Nf3 d6 3. d4 cxd4 4. Nxd4 g6 5. Nc3 Bg7 6. Be3 Nf6 7. Qd2 Nc6 8. h3
O-O 9. O-O-O a6 10. Bh6 Nxd4 11. Bxg7 Nb3+ 12. axb3 Kxg7 13. e5 Ng8 14. Qd4 f6
15. exd6 exd6 16. Qxd6 Qxd6 17. Rxd6 Nh6 18. g4 Nf7 19. Rb6 Bd7 20. Bg2 Bc6 21.
Bxc6 bxc6 22. Rxc6 Ne5 23. Re1 Nxc6 24. Re6 Ne5 25. Nd5 a5 26. c4 Nd3+ 27. Kc2
Nb4+ 28. Nxb4 axb4 29. c5 Rfc8 30. c6 Ra6 31. Re7+ Kh6 0-1

[Event "Michigan Amateur"]
[Site "Kalamazoo, MI"]
[Date "2002.10.20"]
[Round "5.13"]
[White "Moore, Robert"]
[Black "Macaluso, Eric"]
[Result "0-1"]
[WhiteElo "1609"]
[BlackElo "1199"]
[PlyCount "104"]
[EventDate "2002.10.19"]

1. e4 e5 2. Nf3 Nc6 3. Bb5 a6 4. Ba4 b5 5. Bb3 Bb7 6. O-O Bc5 7. c3 d6 8. d4
Bb6 9. Ng5 Nh6 10. Nf3 Ng8 11. a4 Nf6 12. Bg5 O-O 13. Na3 exd4 14. cxd4 b4 15.
Nc2 Na5 16. Nd2 Nxb3 17. Nxb3 Bxe4 18. Nxb4 h6 19. Bh4 g5 20. Bg3 c5 21. Na2 c4
22. Nd2 Bd3 23. Re1 Ba5 24. Nc3 Qb6 25. Qc1 Qxd4 26. Nf3 Qb6 27. Nxg5 d5 28.
Nf3 Ne4 29. Nxd5 Qe6 30. Nf4 Qd6 31. Rd1 Nxg3 32. hxg3 Rac8 33. Nxd3 cxd3 34.
Qb1 Rfd8 35. Ra3 d2 36. Kh2 Qg6 37. Qxg6+ fxg6 38. Rc3 Bxc3 39. bxc3 Rxc3 40.
Rxd2 Rxd2 41. Nxd2 Ra3 42. Nf3 Rxa4 43. Ne5 Kg7 44. f4 Ra1 45. g4 a5 46. f5
gxf5 47. gxf5 a4 48. Nc6 a3 49. Nb4 Rb1 50. Na2 Rb2 51. Nc1 a2 52. Nxa2 Rxa2
0-1

[Event "Michigan Amateur"]
[Site "Kalamazoo, MI"]
[Date "2002.10.20"]
[Round "4.13"]
[White "Macaluso, Eric"]
[Black "Hershberger, Kent"]
[Result "0-1"]
[WhiteElo "1199"]
[BlackElo "1508"]
[Annotator "Jeff Aldrich"]
[PlyCount "104"]
[EventDate "2002.10.19"]

{Vienna: Falkbeer} 1. e4 e5 2. Nc3 Nf6 3. Bc4 Be7 {Too passive.} ({More common
is} 3... Bb4 {.}) ({Another alternative is} 3... Nc6 {waiting to see what
White does before deciding where to place the bishop.}) 4. Nf3 d6 {Black has
transposed to a Philidor defense.} 5. h3 O-O 6. d4 {I believe castling should
be in order prior to a move that opens the center like this. The move allows
Black to equalize.} exd4 7. Nxd4 {DIAGRAM} Nxe4 $1 8. Bd2 $2 {Allowing Black
to keep the pawn and giving him a solid advantage to boot.} (8. Nxe4 d5 9. Qe2
{and White atleast gets the pawn back.}) 8... Nxd2 9. Qxd2 Bg5 10. Qd3 Re8+ 11.
Nde2 Nc6 12. Qg3 {White doesn't want to give up his other bishop, but
considering what happens in the game, he might want to consider castling out
of the dangerous center.} Ne5 13. Bb3 Bh4 14. Qh2 Qg5 15. Ne4 Qf5 (15... Qe3 $1
) 16. N4g3 Bxg3 17. Qxg3 Ng6 {Now, White can't castle out of the center due to
the hanging knight. Either way, Black is clearly in control of the game and
never lets go.} 18. Kf1 Qb5 19. Re1 Be6 20. a4 Qa6 21. Qf3 Bxb3 22. cxb3 Ne5
23. Qc3 Nd3 24. Qc4 Qxc4 25. bxc4 Nxe1 26. Kxe1 Re5 27. Kd2 Rae8 28. Nc3 c6 29.
Rd1 f5 30. f4 R5e6 31. b4 Kf7 32. Kc2 g6 33. c5 dxc5 34. bxc5 Ke7 35. g3 Re3
36. Rg1 Rd8 37. Nd1 Re2+ 38. Kc3 Rdd2 39. Ne3 Ra2 40. Kb3 Rab2+ 41. Kc3 b6 42.
cxb6 axb6 43. Rc1 c5 44. Nc4 Rb4 45. Kd3 Re4 46. Nd2 Rbd4+ 47. Kc2 Re2 48. Rd1
Kd6 49. Kc1 Kc6 50. h4 Rg2 51. Nf1 Rxd1+ 52. Kxd1 Ra2 0-1

[Event "Michigan Amateur"]
[Site "Kalamazoo, MI"]
[Date "2002.10.20"]
[Round "5.4"]
[White "LaForge, Tom"]
[Black "Avery, Bill"]
[Result "1-0"]
[WhiteElo "1916"]
[BlackElo "1658"]
[PlyCount "71"]
[EventDate "2002.10.19"]

1. e4 e6 2. d4 d5 3. Nd2 dxe4 4. Nxe4 Nd7 5. Nf3 Ngf6 6. Bd3 Nxe4 7. Bxe4 Nf6
8. Bg5 Be7 9. Bxf6 Bxf6 10. c3 O-O 11. Qc2 g6 12. h4 Qe7 13. O-O-O a5 14. h5
Bd7 15. hxg6 fxg6 16. Bxb7 Ra7 17. Be4 a4 18. Rh2 a3 19. b3 Rb8 20. Rdh1 Be8
21. Rxh7 Qxh7 22. Rxh7 Kxh7 23. g4 Ra5 24. b4 Rab5 25. Qb3 Bf7 26. Qxa3 e5 27.
dxe5 Bxe5 28. Ng5+ Kg7 29. Nxf7 Bf4+ 30. Kc2 Kxf7 31. Qb3+ Kf6 32. a4 Re5 33.
f3 Rd8 34. Qc4 Rd2+ 35. Kb3 Rd1 36. Qg8 1-0

[Event "Michigan Amateur"]
[Site "Kalamazoo, MI"]
[Date "2002.10.20"]
[Round "4.21"]
[White "Kilburn, Gregory"]
[Black "Avery, James"]
[Result "0-1"]
[WhiteElo "1223"]
[BlackElo "744"]
[PlyCount "70"]
[EventDate "2002.10.19"]

1. d4 e6 2. e4 d5 3. Nc3 Nf6 4. Bg5 Be7 5. e5 Ne4 6. Bxe7 Qxe7 7. Nxe4 dxe4 8.
Qg4 O-O 9. Qxe4 Qb4+ 10. c3 Qxb2 11. Rd1 Qxc3+ 12. Rd2 Qa1+ 13. Ke2 Qc3 14. Nf3
Qc6 15. Qd3 b6 16. Ng5 Ba6 17. Qxa6 Nxa6 18. f3 h6 19. Ne4 Qb5+ 20. Kf2 Qa5 21.
Bc4 c5 22. d5 exd5 23. Bxd5 Rad8 24. Rhd1 Nc7 25. Bxf7+ Kxf7 26. Rxd8 Rxd8 27.
Rxd8 Qxa2+ 28. Kg3 Qb1 29. Rd7+ Ke6 30. Rxc7 Qe1+ 31. Kh3 Kxe5 32. Nxc5 Kd6 33.
Rxa7 g5 34. Ne4+ Kc6 35. Rh7 Qh4# 0-1

[Event "Michigan Amateur"]
[Site "Kalamazoo, MI"]
[Date "2002.10.20"]
[Round "5.1"]
[White "Kahn, Aaron"]
[Black "Jendras, Gerard"]
[Result "0-1"]
[WhiteElo "1858"]
[BlackElo "1834"]
[Annotator "Gerard Jendras"]
[PlyCount "128"]
[EventDate "2002.10.19"]

{English: Anglo-Grunfeld (Smyslov) I went into the last round with a half
point lead. Armstead and Moroney were facing off on Board 2, and it looked to
me as though either one of them, with a win, would have had better tiebreaks
than I did. So I couldn't settle for a draw against Kahn unless Armstead and
Moroney split their point.} 1. c4 Nf6 2. g3 d5 3. cxd5 Nxd5 4. Bg2 g6 5. Nc3
Nxc3 6. bxc3 Bg7 7. Nf3 O-O 8. O-O Nd7 9. a4 e5 10. a5 Rb8 11. Ne1 Re8 12. Nd3
e4 13. Nb4 c5 14. Nc2 Nf8 (14... Nf6 {would have been a bit better.}) 15. Ne3
Bd7 16. f3 Bc6 17. fxe4 Bxe4 18. Qb3 Qd7 19. Ra4 Bxg2 20. Kxg2 Ne6 21. Re4 f5
22. Ra4 Kh8 23. Qd1 Ng5 24. c4 Qd4 25. Rf4 Re4 26. Qf1 Rbe8 27. d3 Rxe3 ({This
is unsound, and should have lost.} 27... Rxf4 {is more sensible, and might
have led to relatively calm equality after} 28. Qxf4 Qxf4 29. gxf4 Ne6 30. Nd5
Nd4) 28. Bxe3 ({A poor choice. White should be able to win after} 28. Rxd4
Rxe2+ 29. Qxe2 Rxe2+ 30. Kf1 Bxd4 31. Kxe2 Ne6) 28... Qxe3 29. Ra2 Ne6 30. Rf3
Qe5 31. Rf2 Bh6 32. Qa1 Nd4 33. Qb2 Qc7 34. h3 Qc6+ (34... Re3 {would have
been far stronger.}) 35. Kh2 Kg8 36. Qb1 Bg7 37. Rb2 Re7 38. Qh1 Qc7 39. Qd5+
Kf8 40. Qg2 Nc6 41. Rb5 Bd4 42. Rf1 Kg7 43. e4 fxe4 44. dxe4 Nxa5 ({More
silliness, throwing away the win (maybe even losing) and forcing the king to
run a gauntlet to avoid mate.} 44... Rf7) ({or} 44... a6 {would have
maintained a winning advantage.}) 45. Qf3 {A nice move, threatening mate at f8
and preparing to take advantage of Black's overloaded queen.} Re8 46. Rxa5 Qxa5
47. Qf7+ Kh6 48. Qxe8 Qa2+ 49. Kh1 Qxc4 50. Qf8+ Bg7 {Forced, to avoid mate.}
51. Qf4+ g5 {Forced, to avoid mate.} 52. Qd6+ ({The quiet} 52. Qf5 -- {(with}
53. h4 {to follow) should probably be played.}) 52... Kh5 53. Qd1+ (53. g4+ {
doesn't ap pear to win, either. Black's king would be stuck in a terrible
position after} Kh4 {but White's own monarch wouldn't be able to escape checks
in order to deliver a mate:} 54. Rf3 Qc1+ 55. Kg2 Qc2+ 56. Rf2 Qxe4+ 57. Rf3
Qe2+) 53... Kg6 54. Qf3 Qe6 55. Kg2 b5 56. Qf5+ Qxf5 57. Rxf5 Bd4 58. g4 b4 59.
e5 b3 ({Probably only sufficient to draw. Instead,} 59... c4 {wins in fairly
direct fashion:} 60. e6 Bf6 61. Rb5 b3 62. Kf3 a5 63. Ke3 a4) 60. e6 Bf6 61.
Rxc5 b2 62. Rb5 a5 63. e7 ({The game's final error:} 63. Rb8 {still manages to
draw.}) 63... Kf7 64. Kf3 a4 0-1

[Event "Michigan Amateur"]
[Site "Kalamazoo, MI"]
[Date "2002.10.20"]
[Round "4.6"]
[White "Jewell, Kenneth"]
[Black "Skidmore, Jennifer"]
[Result "0-1"]
[WhiteElo "1855"]
[BlackElo "1845"]
[PlyCount "106"]
[EventDate "2002.10.19"]

1. d4 d5 2. c4 e6 3. Nc3 c6 4. cxd5 exd5 5. Qc2 g6 6. Bf4 Bg7 7. e4 Nf6 8. e5
Nh5 9. Be3 f6 10. f4 O-O 11. O-O-O fxe5 12. fxe5 Be6 13. Be2 Nf4 14. Bxf4 Rxf4
15. Nf3 Nd7 16. Rhf1 Nb6 17. g3 Rf8 18. Nh4 Qg5+ 19. Kb1 Bh6 20. Nf3 Qe3 21.
Rfe1 Rxf3 22. Bd3 Qg5 23. Ne2 Rf2 24. Qc5 Bf8 25. Qa5 Rxh2 26. Nf4 Bf5 27. Qc3
Nc4 28. Ne2 a5 29. Bxf5 Qxf5+ 30. Ka1 Bb4 31. Qb3 Bxe1 32. Qxb7 Qc8 33. Qxc8+
Rxc8 34. Rxe1 Rb8 35. b3 Na3 36. Kb2 Nb5 37. Kc1 Rf8 38. e6 Rff2 39. Kd1 Rxe2
40. e7 Rxe1+ 41. Kxe1 Kf7 42. e8=Q+ Kxe8 43. a4 Nxd4 44. b4 axb4 45. g4 c5 46.
Kd1 Nb3 47. a5 Nxa5 48. g5 Nb3 49. Ke1 c4 50. Kd1 Rd2+ 51. Ke1 c3 52. Kf1 c2
53. Ke1 c1=R# 0-1

[Event "Michigan Amateur"]
[Site "Kalamazoo, MI"]
[Date "2002.10.20"]
[Round "4.2"]
[White "Jendras, Gerard"]
[Black "Vandivier, Don"]
[Result "1-0"]
[WhiteElo "1834"]
[BlackElo "1945"]
[Annotator "Gerard Jendras"]
[PlyCount "73"]
[EventDate "2002.10.19"]

{Sicilian Don and I always come out swinging. None of our games has lasted
more than 25 moves.} 1. e4 c5 2. Nf3 d6 3. c3 {Don said something bad about
this move in a past issue of Michigan Chess. Maybe I shouldn't play moves that
are just going to get him riled up.} Nf6 4. Be2 Nc6 5. d4 cxd4 6. cxd4 Nxe4 7.
d5 Qa5+ 8. Nc3 Nxc3 9. bxc3 Nb8 (9... Ne5 {and}) (9... Nd8 {have also been
seen.}) 10. O-O g6 (10... Nd7 {should have been played first. 10...g6 just
about ends Black's hopes of castling, and gives White full value for the
sacrificed pawn.}) 11. Qd4 f6 12. Re1 Nd7 13. a4 a6 14. Ba3 Ne5 15. Nd2 Kf7 16.
f4 Nd7 17. Bg4 (17. Nc4 {(keeping the queens on) is also worth a look.}) 17...
Qb6 18. Be6+ Kg7 19. Nf3 Qxd4+ 20. Nxd4 {DIAGRAM Even with queens off the
board, White has abundant compensation in the form of the advanced e6 outpost
and Black's lack of development.} h5 21. Rab1 b6 22. Nc6 Nc5 23. Bxc5 bxc5 24.
Bxc8 Rxc8 25. Rb7 Kh6 26. Ra7 ({Better would have been either} 26. Re6) ({or} 
26. Nxe7) 26... e5 27. fxe5 fxe5 28. Rxa6 Bg7 29. a5 Rhf8 30. Rb6 e4 (30... Rf4
{(heading for the a file) poses more of a challenge, and might even equalize.})
31. Re3 Rce8 32. a6 Bxc3 33. Rxc3 e3 34. Rb1 e2 35. Re1 Rf5 36. a7 Rxd5 37. Rc2
(37. Rc2 {If} Rd1 38. Kf2 {stifles any remaining counterplay.}) 1-0

[Event "Michigan Amateur"]
[Site "Kalamazoo, MI"]
[Date "2002.10.20"]
[Round "5.16"]
[White "Holden, Anthony"]
[Black "Jewell, Kenneth"]
[Result "1-0"]
[WhiteElo "1483"]
[BlackElo "1855"]
[PlyCount "120"]
[EventDate "2002.10.19"]

1. d4 d5 2. e3 Nf6 3. Bd3 c5 4. c3 Nc6 5. f4 Bg4 6. Nf3 e6 7. Nbd2 cxd4 8. exd4
Be7 9. Qa4 O-O 10. Qc2 Rc8 11. h3 Nb4 12. Qb1 Nxd3+ 13. Qxd3 Bf5 14. Qe3 Re8
15. g4 Be4 16. Rh2 Qc7 17. Ne5 Bg6 18. Ndf3 Be4 19. Ng5 Rf8 20. Bd2 h6 21. Ngf3
Bxf3 22. Qxf3 Ne4 23. h4 Bd6 24. g5 Bxe5 25. fxe5 f6 26. Qg4 fxe5 27. Qxe6+ Qf7
28. Qxf7+ Rxf7 29. dxe5 Nxd2 30. Rxd2 hxg5 31. hxg5 Rcf8 32. O-O-O Rf5 33. Rxd5
Rxg5 34. Rd7 Rxe5 35. Rxb7 Re2 36. Rd2 Re1+ 37. Kc2 Rf7 38. Rd8+ Rf8 39. Rxf8+
Kxf8 40. Rxa7 g6 41. c4 Re5 42. Kd3 g5 43. b4 g4 44. Rh7 g3 45. Rh1 g2 46. Rg1
Rg5 47. b5 Ke7 48. a4 Kd6 49. Kd4 Rg4+ 50. Kd3 Kc5 51. a5 Rg3+ 52. Ke2 Kxc4 53.
b6 Kb5 54. Kf2 Rb3 55. b7 Kxa5 56. Ra1+ Kb4 57. b8=Q+ Kc3 58. Qe5+ Kc2 59. Qc5+
Kd3 60. Rd1+ Ke4 1-0

[Event "Michigan Amateur"]
[Site "Kalamazoo, MI"]
[Date "2002.10.20"]
[Round "5.5"]
[White "Hershberger, Kent"]
[Black "Skidmore, Mike"]
[Result "1-0"]
[WhiteElo "1508"]
[BlackElo "1857"]
[Annotator "Tim McGrew"]
[PlyCount "69"]
[EventDate "2002.10.19"]

{French: Rubinstein An absorbing encounter for human reasons: Mike is Kent's
coach, so we have a sort of "final examination" for the pupil here.} 1. e4 e6
2. d4 d5 3. Nd2 dxe4 4. Nxe4 Nf6 5. Ng3 ({Though it goes against the grain to
swap when your opponent has a cramped position, there is a case to be made for
} 5. Nxf6+ {here.}) (5. Bg5 {is another reasonable choice. White's move
preserves the piece and looks for chances in a more complicated middlegame.})
5... Be7 6. Nf3 O-O 7. Be2 {Not the most active post for this bishop.} (7. Bd3
{looks better.}) 7... c5 8. O-O Nc6 9. Be3 Ng4 {Although this gets rid of a
bishop, it strengthens White's center in the process.} (9... Qb6 $1 {looks
like a crisper way to hit the pressure points in White's position.}) 10. c3
Nxe3 11. fxe3 {Black's position is not bad, but his standard plan of putting
pressure on d4 seems rather comical now. What else can he come up with?} b6 12.
Nd2 Bb7 13. Bf3 Qc7 14. Nh5 Rad8 15. Be4 {Finally this bishop gets pointed in
the right direction. White's threat now is 16.Qg4.} f5 16. Bc2 Bg5 17. Nf4 Bxf4
18. Rxf4 Ne7 19. Bb3 Qc6 (19... Bd5 {looks better, to lure a White pawn to c4
where it will block the bishop's pressure against e6.}) 20. Rf2 f4 21. exf4
cxd4 22. cxd4 Nf5 23. Nf3 {Now the tide is turning and Black's weakness at e6
is beginning to look increasingly significant.} Ne3 $2 24. Qe2 $1 Nd5 25. Ne5 {
Now this magnificent steed dominates the board.} Qd6 26. Qh5 $2 {In his
eagerness to drive home the attack, White drops a key pawn.} (26. Raf1 $1 {
keeps White's grip on the position.}) 26... Nxf4 $1 {Now the tables are turned.
} 27. Qg4 Qxd4 $4 {Black is so glad to be rid of the props to the White knight
that he forgets the weakness of his own weakest point, the pawn on e6.} 28.
Bxe6+ Kh8 29. Nf7+ Kg8 30. Nxd8+ Nxe6 31. Qxe6+ {Oh dear, that's check!} Kh8
32. Nf7+ {It is not often that one gets to see this finish in a tournament
game.} Kg8 33. Nh6+ Kh8 34. Qg8+ Rxg8 35. Nf7# {Looks like Kent got an A on
that exam!} 1-0

[Event "Michigan Amateur"]
[Site "Kalamazoo, MI"]
[Date "2002.10.20"]
[Round "4.8"]
[White "Gattinger, John"]
[Black "Ronco, James"]
[Result "0-1"]
[WhiteElo "1452"]
[BlackElo "1685"]
[PlyCount "78"]
[EventDate "2002.10.19"]

1. e4 e5 2. Nc3 Nf6 3. g3 Bc5 4. Bg2 Nc6 5. Nge2 d6 6. h3 a6 7. d3 h6 8. O-O
Be6 9. Nd5 Qd7 10. Nec3 O-O-O 11. Kh2 Ne7 12. Nxe7+ Qxe7 13. Be3 Bxe3 14. fxe3
Rdf8 15. Nd5 Nxd5 16. exd5 Bd7 17. c4 f5 18. Qd2 g5 19. Rae1 h5 20. Re2 h4 21.
gxh4 Rxh4 22. Kg1 Qh7 23. Rf3 Rh8 24. Bf1 g4 25. hxg4 Rh1+ 26. Kf2 Qh4+ 27. Rg3
Rxf1+ 28. Kxf1 Qxg3 29. Rf2 Rh1+ 30. Ke2 Qxg4+ 31. Rf3 Rh2+ 32. Kd1 Rxd2+ 33.
Kxd2 Qxf3 34. Kc3 Qxe3 35. Kb4 Qxd3 36. a4 b6 37. a5 bxa5+ 38. Kxa5 Qxc4 39. b4
Qb5# 0-1

[Event "Michigan Amateur"]
[Site "Kalamazoo, MI"]
[Date "2002.10.20"]
[Round "4.15"]
[White "Franklin, Stanley"]
[Black "Raban, David"]
[Result "1/2-1/2"]
[WhiteElo "1663"]
[BlackElo "1608"]
[PlyCount "118"]
[EventDate "2002.10.19"]

1. e4 e6 2. d4 d5 3. Nd2 c5 4. c3 cxd4 5. cxd4 Nc6 6. Bb5 Qb6 7. Bxc6+ bxc6 8.
Ne2 Nf6 9. e5 Nd7 10. O-O c5 11. Nb3 cxd4 12. Bf4 Be7 13. Nexd4 O-O 14. Rc1 Bb7
15. Qg4 Rfc8 16. h4 Rc4 17. Bh6 Bf8 18. Be3 Rac8 19. Qg3 Qd8 20. h5 Kh8 21. h6
gxh6 22. Rxc4 dxc4 23. Nd2 Bg7 24. N4f3 Qa5 25. Bd4 Bd5 26. a3 Nc5 27. Qf4 Kg8
28. Qg3 Nd3 29. Bc3 Qc7 30. Rb1 Kh8 31. Qh2 Rg8 32. Kf1 Bf8 33. Bd4 Bc5 34. Qh4
Bxd4 35. Qxd4 a5 36. b3 c3 37. Qxd3 cxd2 38. Qxd2 Bxf3 39. gxf3 Qxe5 40. Qd3
Rb8 41. b4 Qb5 42. Ke2 axb4 43. Qxb5 Rxb5 44. axb4 Kg7 45. Kd3 Kf6 46. Kc4 Rb8
47. Kc5 h5 48. b5 Ke5 49. Rb4 Rc8+ 50. Kb6 Rc3 51. Rh4 Rxf3 52. Rxh5+ f5 53.
Rh2 Kd5 54. Rh1 Rxf2 55. Rb1 f4 56. Kc7 Rc2+ 57. Kd7 f3 58. b6 f2 59. b7 Rb2
1/2-1/2